Представление документа в формате MARC21

Поле Инд. ПП Название Значение
Тип записи a
Библиографический уровень b
001 Контрольный номер RU/IS/BASE/113052016
005 Дата корректировки 20210217124914.9
084 a Индекс другой классификации/Индекс ББК 88.53
a Индекс другой классификации/Индекс ББК 66.041.111
a Индекс другой классификации/Индекс ББК 63.3(7США)52-8
a Индекс другой классификации/Индекс ББК 66.1(7США)6
100 1_ a Автор Мерриам Ч. Э.
245 a Заглавие Четыре американских партийных лидера
c Ответственность предисловие и перевод с английского Т. Н. Самсоновой, Л. Е. Филипповой
504 a Библиография Библиогр. ссылки. - Примеч.
600 a Персоналии Линкольн Авраам (16-й президент США)
a Персоналии Мерриам Чарлз Эдвард
650 a Основная рубрика история
a Основная рубрика история политических учений
a Основная рубрика политика
a Основная рубрика политология
a Основная рубрика психология
a Основная рубрика психология личности
a Основная рубрика социальная психология
653 a Ключевые слова XIX век
a Ключевые слова XX век
a Ключевые слова историко-психологический анализ
a Ключевые слова партийная система
a Ключевые слова партийные лидеры
a Ключевые слова политическая элита
a Ключевые слова политические взгляды
a Ключевые слова политические лидеры
a Ключевые слова политические партии
a Ключевые слова США
700 a Автор Самсонова Т. Н.
e Роль лиц переводчик; автор предисловия
700 a Автор Филиппова Л. Е.
e Роль лиц переводчик; автор предисловия
773 t Заглавие источника Вестник Московского университета. Серия 18, Социология и политология
d Дата издания источника 2003
g Прочая информация № 2. - С. 68 - 84
w Контрольный № источника RU/IS/BASE/111079824
901 t Тип документа b